[Event "Arco op 29th"]
[Site "Arco"]
[Date "2007.10.23"]
[Round "4"]
[White "Jensen, Leif Haugaard"]
[Black "Margarius, Leonid"]
[Result "1-0"]
[WhiteElo "2091"]
[BlackElo "2232"]
[PlyCount "127"]
[EventDate "2007.10.20"]
[EventType "swiss"]
[EventRounds "9"]
[EventCountry "ITA"]
[SourceTitle "CBM 120 Extra"]
[Source "ChessBase"]
[SourceDate "2007.11.01"]
[SourceVersion "1"]
[SourceVersionDate "2007.11.01"]
[SourceQuality "1"]

1. e4 c5 2. g3 Nc6 3. Bg2 g6 4. d3 Bg7 5. c3 d6 6. f4 e6 7. Nf3 Nge7 8. 0-0 0-0 9. Be3 b6 10. Re1 e5 11. Qc2 exf4 12. Bxf4 d5 13. Nbd2 dxe4 14. Nxe4 Nd5 15. Bd2 h6 16. Rad1 Be6 17. Qc1 Kh7 18. a3 Rc8 19. c4 Nde7 20. Bc3 Nf5 21. Bxg7 Kxg7 22. b4 Nfd4 23. bxc5 Nxf3+ 24. Bxf3 Qd4+ 25. Qe3 Qxe3+ 26. Rxe3 Nd4 27. Bg2 bxc5 28. Rb1 Rc7 29. Rb2 Rd8 30. Bf1 f5 31. Nc3 Kf6 32. Kf2 g5 33. Re1 g4 34. Reb1 h5 35. Nb5 Nxb5 36. Rxb5 Bc8 37. Rb8 Rd6 38. Re1 Ra6 39. Rb3 Bd7 40. Bg2 Be6 41. Ra1 Ke5 42. Ke3 h4 43. Rb5 Kd6 44. Kf4 hxg3 45. hxg3 Rh7 46. Ra2 Bd7 47. Rbb2 Rh2 48. Re2 Rb6 49. Red2 Be6 50. Re2 Rh8 51. Re5 Rh6 52. Rae2 Kd7 53. Rxc5 Rb3 54. Ra5 Rxd3 55. Rxa7+ Kd6 56. Kg5 Bxc4 57. Kxh6 Rxg3 58. Rd2+ Ke5 59. Kg5 Bd3 60. Ra5+ Kd4 61. Kf4 Kc3 62. Rf2 Rxg2 63. Rxg2 Be4 64. Rxg4 1-0

[Event "Schwarzach op-A 19th"]
[Site "Salzburg"]
[Date "2004.08.29"]
[Round "9"]
[White "Hendriks, Willy"]
[Black "Margarius, Leonid"]
[Result "1-0"]
[WhiteElo "2393"]
[BlackElo "2224"]
[PlyCount "63"]
[EventDate "2004.08.21"]
[EventType "swiss"]
[EventRounds "9"]
[EventCountry "AUT"]
[SourceTitle "CBM 102 Extra"]
[Source "ChessBase"]
[SourceDate "2004.11.03"]
[SourceVersion "1"]
[SourceVersionDate "2004.11.03"]
[SourceQuality "1"]

1. e4 c6 2. d4 d5 3. exd5 cxd5 4. c4 Nf6 5. Nc3 Nc6 6. Bg5 e6 7. Nf3 Be7 8. c5 h6 9. Bf4 Nh5 10. Be3 Nf6 11. Bb5 Bd7 12. 0-0 0-0 13. Rc1 Ne4 14. Bxc6 Nxc3 15. Rxc3 bxc6 16. Qd2 f6 17. Re1 Qe8 18. Rb3 Rb8 19. Rxb8 Qxb8 20. Bf4 Qc8 21. Re3 e5 22. dxe5 Bxc5 23. Rb3 Qe8 24. exf6 Qe4 25. Be3 d4 26. fxg7 Rxf3 27. gxf3 Qg6+ 28. Kh1 Bb6 29. Bxh6 Bh3 30. Qg5 Qe6 31. Rxb6 axb6 32. Qd8+ 1-0